000 00662nam a2200181 a 4500
001 000036181
005 20200930074931.0
008 120110s2011 dr ab 000 0 spa d
040 _aDO-SdBNP
_bspa
_cBNPHU
082 _axxx
_bN964
245 0 0 _aNuestra constitución :
_bguía para entender la constitucion dominicana /
_cJosé Alejandro Ayuso ...[et. al].
260 _aSanto Domingo :
_bFundación Equidad ;
_bComisión Permanente de Efemérides Patrias,
_c2011.
300 _a53 p. :
_bil., map. ;
_c28 cm.
700 1 _aAyuso, Juan José
_914332
700 1 _aAyuso, Félix Francisco
_937124
700 1 _aAyuso, Leticia
_962221
700 1 _aTejeda, Eddy
_952143
999 _c35672
_d35672